| 000 | 00445nam a2200157 a 4500 | ||
|---|---|---|---|
| 005 | 20210223124020.0 | ||
| 008 | 991125n 000 0 spa u | ||
| 035 | _aUPN01000096450 | ||
| 100 | 1 |
_aMiranda Basurto, Angel _929331 |
|
| 222 |
_aTRIBUNA : _bREVISTA BIMESTRAL INFORMATIVA Y DE ORIENTACION |
||
| 245 | _aRecordando a Don Vicente Guerrero / SEP | ||
| 300 | _a38-42 | ||
| 362 | _a1954 2 (8) | ||
| 904 |
_aAC _b034261 |
||
| 905 | _aArticulo | ||
| 999 |
_c75745 _d75745 |
||